Азбука интернета для пожилого человека; Прогрессивные технологии и экономика в машиностроении

Podrobná bibliografie
Parent link:Прогрессивные технологии и экономика в машиностроении.— 2020.— [С. 143-145]
Hlavní autor: Кузьмина Т. А.
Korporativní autor: Национальный исследовательский Томский политехнический университет Юргинский технологический институт
Další autoři: Чернышёва Т. Ю. Татьяна Юрьевна (научный руководитель)
Shrnutí:Заглавие с экрана
В данной статье рассматривается пользование интернета для пожилых людей.
Jazyk:ruština
Vydáno: 2020
Edice:Информационные технологии, экономика, управление
Témata:
On-line přístup:http://earchive.tpu.ru/handle/11683/59279
Médium: MixedMaterials Elektronický zdroj Kapitola
KOHA link:https://koha.lib.tpu.ru/cgi-bin/koha/opac-detail.pl?biblionumber=631066

MARC

LEADER 00000naa2a2200000 4500
001 631066
005 20231102024516.0
035 |a (RuTPU)RU\TPU\conf\32747 
035 |a RU\TPU\conf\32746 
090 |a 631066 
100 |a 20200519d2020 k y0rusy50 ca 
101 0 |a rus 
102 |a RU 
105 |a y z 101zy 
135 |a drcn ---uucaa 
181 0 |a i  
182 0 |a b 
200 1 |a Азбука интернета для пожилого человека  |f Т. А. Кузьмина  |g науч. рук. Т. Ю. Чернышёва 
203 |a Текст  |c электронный 
225 1 |a Информационные технологии, экономика, управление 
230 |a 1 компьютерный файл (pdf; 252 Kb) 
300 |a Заглавие с экрана 
320 |a [Библиогр.: с. 145 (4 назв.)] 
330 |a В данной статье рассматривается пользование интернета для пожилых людей. 
463 0 |0 (RuTPU)RU\TPU\conf\32707  |t Прогрессивные технологии и экономика в машиностроении  |o сборник трудов XI Всероссийской научно-практической конференции для студентов и учащейся молодежи, 9-11 апреля 2020 г., Юрга  |f Национальный исследовательский Томский политехнический университет (ТПУ), Юргинский технологический институт (ЮТИ) ; под ред. С. А. Солодского  |v [С. 143-145]  |d 2020 
610 1 |a электронный ресурс 
610 1 |a труды учёных ТПУ 
610 1 |a интернет 
610 1 |a пожилые люди 
610 1 |a изучение на компьютере 
610 1 |a компьютерные курсы 
610 1 |a компьютерная грамотность 
700 1 |a Кузьмина  |b Т. А. 
702 1 |a Чернышёва  |b Т. Ю.  |c специалист в области информатики и вычислительной техники  |c доцент Юргинского технологического института (филиала) Томского политехнического университета, кандидат технических наук  |f 1974-  |g Татьяна Юрьевна  |2 stltpush  |4 727  |9 11830 
712 0 2 |a Национальный исследовательский Томский политехнический университет  |b Юргинский технологический институт  |c (2009- )  |h 349  |2 stltpush  |3 (RuTPU)RU\TPU\col\15903 
801 2 |a RU  |b 63413507  |c 20200525  |g RCR 
856 4 |u http://earchive.tpu.ru/handle/11683/59279 
942 |c BK